000 00577nam a2200205Ia 4500
003 GCL
005 20240530103615.0
008 140319s9999 xx 000 0 ara d
040 _aGCL /
_cGCL
082 0 4 _a813.01
_bم ه
100 1 _aمرعى مدكور
245 1 0 _aالهزيمة امراة /
_cمرعى مدكور
300 _a127
490 _aكتاب الايام
_v0
650 0 4 _aالادب العربى
650 0 4 _aالعصر الحديث
650 0 4 _aالقصص القصيرة
650 0 4 _aالقصص العربية القصيرة
942 _2ddc
_cBK
999 _c41103
_d41103